Bangla galpa sankalam : (Record no. 6450)

MARC details
000 -LEADER
fixed length control field 00542cam a2200205ua 4500
008 - FIXED-LENGTH DATA ELEMENTS--GENERAL INFORMATION
fixed length control field 141206n ii |||gr||||Z||||||ben
020 ## - INTERNATIONAL STANDARD BOOK NUMBER
International Standard Book Number 8172012519
040 ## - CATALOGING SOURCE
Transcribing agency MAIN
041 ## - LANGUAGE CODE
-- ben
082 ## - DEWEY DECIMAL CLASSIFICATION NUMBER
Classification number 891.443
100 ## - MAIN ENTRY--PERSONAL NAME
Personal name Sikdar, A. Kr.,
Relator term
245 1# - TITLE STATEMENT
Title Bangla galpa sankalam :
Remainder of title vol. II /
Statement of responsibility, etc. Edited by Asru Kumar Sikdar .
250 ## - EDITION STATEMENT
Edition statement 1st.
260 ## - PUBLICATION, DISTRIBUTION, ETC.
Place of publication, distribution, etc. New Delhi:
Name of publisher, distributor, etc. Sahitya Akademi,
Date of publication, distribution, etc. 19921.
300 ## - PHYSICAL DESCRIPTION
Extent 207p.
942 ## - ADDED ENTRY ELEMENTS (KOHA)
Koha item type Books
653 ## - INDEX TERM--UNCONTROLLED
Uncontrolled term East Indo-European & Celtic literatures
653 ## - INDEX TERM--UNCONTROLLED
Uncontrolled term Bengali stories
Holdings
Withdrawn status Lost status Damaged status Not for loan Home library Current library Shelving location Date acquired Total Checkouts Full call number Barcode Date last seen Date last checked out Copy number Price effective from Koha item type
        Central Library, Naharkatiya College Central Library, Naharkatiya College General Stacks 19/09/2020 1 891.443 | BAN 12635 05/05/2026 11/04/2026 1 19/09/2020 Books

Naharkatiya College © 2020. All rights reserved.

Powered By